书目信息 |
| 题名: |
全球市场中的企业与政府
|
|
| 作者: | 韦登鲍姆 , Weidenbaum 著 ;张兆安 译 | |
| 分册: | ||
| 出版信息: | 上海 上海人民出版社 2006 |
|
| 页数: | 428页 | |
| 开本: | 27cm | |
| 丛书名: | 当代经济学系列丛书 | |
| 单 册: | ||
| 中图分类: | F270-05 | |
| 科图分类: | ||
| 主题词: | 企业--关系--国家行政机关--研究--教材 , 企业 , 国家行政机关 | |
| 电子资源: | ||
| ISBN: | 7-208-06125-4 | |
| 000 | 01256oam2 2200337 450 | |
| 001 | 012007426316 | |
| 005 | 20070517101911.42 | |
| 010 | @a7-208-06125-4@dCNY42.00 | |
| 100 | @a20070509d2006 km y0chiy0120 ea | |
| 101 | 1 | @achi@ceng |
| 102 | @aCN@b310000 | |
| 105 | @aa z 000yy | |
| 106 | @ar | |
| 200 | 1 | @a全球市场中的企业与政府@Aquan qiu shi chang zhong de qi ye yu zheng fu@f(美)默里·L. 韦登鲍姆著@F(mei)mo li·L.wei deng bao mu zhu@g张兆安译@Gzhang zhao an yi |
| 210 | @a上海@c上海人民出版社@c上海三联书店@d2006 | |
| 215 | @a428页@d27cm | |
| 225 | 2 | @a当代经济学系列丛书@i当代经济学教学参考书系 |
| 305 | @a据原书第6版译出 | |
| 330 | @a本书以美国的政府和企业为研究背景,分析了经济全球化过程中,政府政策对现代企业行为的影响以及企业对政府政策作出的主要反应。 | |
| 333 | @a适用于企业关系研究者 | |
| 461 | 0 | @12001 @a当代经济学系列丛书 |
| 510 | 1 | @aBusiness and government in global maketplace@zeng |
| 606 | 0 | @a企业@x关系@x国家行政机关@x研究@j教材 |
| 606 | 0 | @a企业 |
| 606 | 0 | @a国家行政机关 |
| 690 | @aF270-05@v4 | |
| 701 | 1 | @c(美)@a韦登鲍姆@Awei deng bao mu@b默里·L.@4著 |
| 701 | 1 | @c(美)@aWeidenbaum@bMurray L.@4著 |
| 702 | 0 | @a张兆安@Azhang zhao an@4译 |
| 801 | 0 | @aCN@bRULIN@c20070517 |
| 905 | @dF270-05@e484@s5 | |
| 全球市场中的企业与政府/(美)默里·L. 韦登鲍姆著/张兆安译.-上海:上海人民出版社:上海三联书店,2006 |
| 428页;27cm.-(当代经济学系列丛书.当代经济学教学参考书系) |
| 使用对象:适用于企业关系研究者 |
| ISBN 7-208-06125-4:CNY42.00 |
| 本书以美国的政府和企业为研究背景,分析了经济全球化过程中,政府政策对现代企业行为的影响以及企业对政府政策作出的主要反应。 |
| ● |
| 相关链接 |
|
|
|
|
正题名:全球市场中的企业与政府
索取号:F270-05/484
 
预约/预借
| 序号 | 登录号 | 条形码 | 馆藏地/架位号 | 状态 | 备注 |
| 1 | 0572977 | 205729773 | 第一样本阅览室/ [索取号:F270-05/484] | 在馆 | |
| 2 | 0572978 | 205729782 | 第一借阅区/ [索取号:F270-05/484] | 在馆 | |
| 3 | 0572979 | 205729791 | 第一借阅区/ [索取号:F270-05/484] | 在馆 | |
| 4 | 0572980 | 205729808 | 第一借阅区/ [索取号:F270-05/484] | 在馆 | |
| 5 | 0572981 | 205729817 | 第一借阅区/ [索取号:F270-05/484] | 在馆 |